L'apostolat de la prière sainte ligue des coeurs chrétiens unis au coeur de Jesús pour obtener le triomphe de l'église et le salut..

Detalles Bibliográficos
Autor principal: RAMIERE, H.
Formato: Libro
Publicado: Lyon/París 1861
Materias:
Colección:Banco de datos
Acervo:Biblioteca Nacional de Antropología e Historia. Fondo Conventual
Tema general:Ascética
Notas:Buena. XVII, 5, 9.
LEADER 00743nam a22001930004500
035 |a 7177 
036 |a 1782 
100 1 |a RAMIERE, H. 
245 1 0 |a L'apostolat de la prière sainte ligue des coeurs chrétiens unis au coeur de Jesús pour obtener le triomphe de l'église et le salut.. 
260 |a Lyon/París  |b Librería Católica de los Hermanos Perisse  |c 1861 
500 |a Buena. XVII, 5, 9. 
650 1 0 |a Ascética 
949 |a B.N.A.H. 
959 |a Biblioteca Nacional de Antropología e Historia. Ciudad de México  |b CCC1 
960 |a Seminario de Morelia  |b DD56 
961 |a Casa de formación del Clero Secular  |b CS 
942 |c B.N.A.H. 
943 |g Biblioteca Nacional de Antropología e Historia. Fondo Conventual 
999 |c 1031709  |d 1031709